Vista normal
Vista MARC
Entrada Topical Term
Número de registros utilizados en: 1
001 - CONTROL NUMBER
- control field: 54637
003 - CONTROL NUMBER IDENTIFIER
- control field: Utea
005 - DATE AND TIME OF LATEST TRANSACTION
- control field: 20231215141630.0
008 - FIXED-LENGTH DATA ELEMENTS
- fixed length control field: 231215|| aca||aabn | a|a d
040 ## - CATALOGING SOURCE
- Original cataloging agency: Utea
- Transcribing agency: Utea
150 ## - HEADING--TOPICAL TERM
- Topical term or geographic name entry element: PSICOLOGÍA DEL APRENDIZAJE
670 ## - SOURCE DATA FOUND
- Source citation: Work cat.: (Utea)667: Cuevas Cipriani, Rudy Doctor en Ciencias de la Educación Autor 54581, Psicología del Aprendizaje, 2011